Dynamics of the Displacement by Vibrations on Plane Sieves

Elmentve itt :
Bibliográfiai részletek
Szerzők: Bíró István
Brindeu Liviu
Radu Ilea
Dokumentumtípus: Cikk
Megjelent: 2003
Sorozat:SCIENTIFIC BULLETIN OF THE POLITECHNICA UNIVERSITY OF TIMISOARA TRANSACTIONS ON MECHANICS 48 (62) No. 2
Tárgyszavak:
mtmt:2812319
Online Access:http://publicatio.bibl.u-szeged.hu/22434
LEADER 00836nab a2200229 i 4500
001 publ22434
005 20210920125955.0
008 210920s2003 hu o 0|| Angol d
022 |a 1224-6077 
024 7 |a 2812319  |2 mtmt 
040 |a SZTE Publicatio Repozitórium  |b hun 
041 |a Angol 
100 1 |a Bíró István 
245 1 0 |a Dynamics of the Displacement by Vibrations on Plane Sieves  |h [elektronikus dokumentum] /  |c  Bíró István 
260 |c 2003 
300 |a 5-10 
490 0 |a SCIENTIFIC BULLETIN OF THE POLITECHNICA UNIVERSITY OF TIMISOARA TRANSACTIONS ON MECHANICS  |v 48 (62) No. 2 
650 4 |a Műszaki és technológiai tudományok 
650 4 |a Gépészmérnöki tudományok 
700 0 1 |a Brindeu Liviu  |e aut 
700 0 1 |a Radu Ilea  |e aut 
856 4 0 |u http://publicatio.bibl.u-szeged.hu/22434/1/2812319.pdf  |z Dokumentum-elérés